| 000 | 01116nac a22002531u 4500 | ||
|---|---|---|---|
| 008 | 120115s2003 uk|||||r|||| 001 0 eng d | ||
| 010 | _a 2004381012 | ||
| 020 | _a0749439289 | ||
| 035 | _a(OCoLC)ocm51316006 | ||
| 082 | 0 | 4 |
_a388.068 _bGUB _222 |
| 100 |
_aGubbins, Edmund J., _928392 |
||
| 245 | 1 | 0 |
_aManaging transport operations / _cEdmund J. Gubbins. |
| 250 | _a3rd ed. | ||
| 260 |
_aLondon : _bKogan Page, _c2003. |
||
| 300 |
_avii, 295 p. : _bill. ; _c25 cm. |
||
| 500 | _aPrevious ed.: 1996. | ||
| 504 | _aIncludes bibliographical references and index. | ||
| 650 | 0 |
_aTransportation _zGreat Britain _xPlanning. _928393 |
|
| 650 | 0 |
_aTransportation _zGreat Britain _xManagement. _928394 |
|
| 856 | 4 | 2 |
_3Publisher description _uhttp://www.loc.gov/catdir/enhancements/fy0715/2004381012-d.html |
| 942 |
_cBB _k388.068G9328 _2ddc |
||
| 999 |
_c3914 _d3914 |
||